| 000 | 00575cam a2200181 4500500 | ||
|---|---|---|---|
| 005 | 20260405003226.0 | ||
| 041 | _afre | ||
| 042 | _adc | ||
| 100 | 1 | 0 |
_ade Oliveira, Victorine _eauthor |
| 245 | 0 | 0 | _aDécider ensemble. La fabrique de l’obligation collective |
| 260 | _c2021. | ||
| 500 | _a43 | ||
| 690 | _aDécision | ||
| 690 | _aDémocratie | ||
| 690 | _aMajorité | ||
| 786 | 0 | _nPhilosophie magazine | 146 | 2 | 2021-02-01 | p. 95-95 | 1951-1787 | |
| 856 | 4 | 1 | _uhttps://shs.cairn.info/magazine-philosophie-magazine-2021-2-page-95?lang=fr&redirect-ssocas=7080 |
| 999 |
_c2065521 _d2065521 |
||